[Event "Gothenburg"]
[Site "Gothenburg"]
[Date "1993.??.??"]
[Round "5"]
[White "Zhuravliov, Valery I"]
[Black "Holzke, Frank"]
[Result "1/2-1/2"]
[WhiteElo "2485"]
[BlackElo "2380"]
[PlyCount "95"]
[EventDate "1993.??.??"]
[EventType "tourn"]
[EventRounds "9"]
[EventCountry "SWE"]
[SourceTitle "EXT 1998"]
[Source "ChessBase"]
[SourceDate "1997.11.17"]
[SourceVersion "1"]
[SourceVersionDate "1997.11.17"]
[SourceQuality "1"]

1. e4 e6 2. d4 d5 3. e5 c5 4. c3 Nc6 5. Nf3 Bd7 6. Be2 Nge7 7. Na3 cxd4 8. cxd4
Nf5 9. Nc2 Nb4 10. Ne3 Nxe3 11. fxe3 Be7 12. a3 Nc6 13. Bd3 f5 14. exf6 Bxf6
15. Qc2 g6 16. Bd2 Qe7 17. Qb3 O-O 18. O-O Rad8 19. Rf2 Bc8 20. Raf1 Kg7 21.
Qc2 Kg8 22. b4 a6 23. Bxa6 Nxd4 24. Nxd4 Bxd4 25. Rxf8+ Rxf8 26. exd4 bxa6 27.
Rxf8+ Qxf8 28. Qc7 Qe8 29. Bh6 Qd7 30. Qf4 Qe7 31. Qb8 Qd7 32. h3 Qe8 33. a4
Bd7 34. Qe5 Qf7 35. b5 axb5 36. a5 Qe7 37. a6 Bc6 38. Qb8+ Kf7 39. a7 g5 40.
a8=Q Bxa8 41. Qxa8 b4 42. Qb8 Qf6 43. Bf8 Qxd4+ 44. Kh2 Qh8 45. Qc7+ Kxf8 46.
Qb8+ Kg7 47. Qe5+ Kg8 48. Qb8+ 1/2-1/2

[Event "Gothenburg"]
[Site "Gothenburg"]
[Date "1993.??.??"]
[Round "6"]
[White "Bus, Mariusz"]
[Black "Jelling, Erik"]
[Result "0-1"]
[WhiteElo "2380"]
[BlackElo "2400"]
[PlyCount "106"]
[EventDate "1993.??.??"]
[EventType "tourn"]
[EventRounds "9"]
[EventCountry "SWE"]
[SourceTitle "EXT 1998"]
[Source "ChessBase"]
[SourceDate "1997.11.17"]
[SourceVersion "1"]
[SourceVersionDate "1997.11.17"]
[SourceQuality "1"]

1. e4 c6 2. c4 d5 3. exd5 cxd5 4. cxd5 Nf6 5. Bb5+ Nbd7 6. Nc3 a6 7. Qa4 g6 8.
Nf3 Bg7 9. O-O O-O 10. Bxd7 Bxd7 11. Qb3 b5 12. d4 Rb8 13. Bf4 Rb6 14. Rac1 Bc8
15. Be5 Bb7 16. Qb4 Nxd5 17. Nxd5 Qxd5 18. Qc5 Re6 19. Qxd5 Bxd5 20. Ng5 Rb6
21. b3 f6 22. Bc7 Rb7 23. Nh3 g5 24. Rc5 Rc8 25. Rfc1 Kf7 26. f4 h6 27. f5 Be4
28. g4 e6 29. fxe6+ Kxe6 30. Nf2 Bf3 31. Ba5 Rxc5 32. dxc5 Rb8 33. h3 f5 34.
Bc3 Bxc3 35. Rxc3 fxg4 36. Nxg4 Bxg4 37. hxg4 Kd5 38. b4 a5 39. a3 Kd4 40. Rc1
axb4 41. axb4 Ke3 42. Kg2 Kd2 43. Rh1 Kc3 44. Rxh6 Kxb4 45. Rg6 Kc4 46. Rxg5 b4
47. Rf5 b3 48. c6 b2 49. Rf1 Kd3 50. c7 Rc8 51. g5 Rxc7 52. Rf3+ Kc2 53. Rf2+
Kb3 0-1

[Event "Gothenburg"]
[Site "Gothenburg"]
[Date "1993.??.??"]
[Round "6"]
[White "Svensson, Bengt"]
[Black "Grabarczyk, Miroslaw"]
[Result "1/2-1/2"]
[WhiteElo "2380"]
[BlackElo "2455"]
[PlyCount "72"]
[EventDate "1993.??.??"]
[EventType "tourn"]
[EventRounds "9"]
[EventCountry "SWE"]
[SourceTitle "EXT 1998"]
[Source "ChessBase"]
[SourceDate "1997.11.17"]
[SourceVersion "1"]
[SourceVersionDate "1997.11.17"]
[SourceQuality "1"]

1. e4 e5 2. f4 exf4 3. Nf3 Nc6 4. d4 Nf6 5. e5 Nd5 6. Bc4 Ne3 7. Bxe3 fxe3 8.
Nc3 Na5 9. Bd3 d5 10. Qe2 c5 11. Qxe3 Nc6 12. Bb5 a6 13. Bxc6+ bxc6 14. O-O
cxd4 15. Nxd4 Bc5 16. Kh1 O-O 17. Qf4 Bd7 18. Rae1 Rb8 19. Nd1 Be7 20. Nf3 Be6
21. c3 c5 22. Rf2 Qa5 23. a3 Rbd8 24. Ne3 Qc7 25. Nf5 Qd7 26. Nxe7+ Qxe7 27. h3
h6 28. Rd2 Rb8 29. Nh4 Rfd8 30. Nf5 Bxf5 31. Qxf5 Qe6 32. Qf2 Rbc8 33. Rd3 Rc7
34. Qd2 Re7 35. b4 Rc7 36. Rd1 cxb4 1/2-1/2

[Event "Gothenburg"]
[Site "Gothenburg"]
[Date "1993.??.??"]
[Round "6"]
[White "Turner, Matthew"]
[Black "Zhuravliov, Valery I"]
[Result "0-1"]
[WhiteElo "2370"]
[BlackElo "2485"]
[PlyCount "134"]
[EventDate "1993.??.??"]
[EventType "tourn"]
[EventRounds "9"]
[EventCountry "SWE"]
[SourceTitle "EXT 1998"]
[Source "ChessBase"]
[SourceDate "1997.11.17"]
[SourceVersion "1"]
[SourceVersionDate "1997.11.17"]
[SourceQuality "1"]

1. e4 e6 2. Qe2 e5 3. Nf3 Nc6 4. c3 d6 5. d4 g6 6. dxe5 dxe5 7. Qc2 Bg7 8. Bb5
Bg4 9. Nbd2 Nge7 10. h3 Bd7 11. O-O O-O 12. Nb3 a6 13. Be2 b6 14. Rd1 Qe8 15.
a4 a5 16. Nbd2 Nd8 17. Nc4 f6 18. Be3 Be6 19. Rd2 Nb7 20. b3 Kh8 21. Na3 Nc8
22. Nc4 Qf7 23. Rb1 Re8 24. Nh2 Bf8 25. f4 exf4 26. Bxf4 Ncd6 27. Nxd6 Bxd6 28.
Bxd6 Nxd6 29. Bd3 Qe7 30. Nf3 Nf7 31. Bb5 Red8 32. Rxd8+ Rxd8 33. Rd1 Rxd1+ 34.
Qxd1 Qc5+ 35. Qd4 Bxb3 36. Qxc5 bxc5 37. Nd2 Bc2 38. Nc4 Bd3 39. Nxa5 Bxb5 40.
axb5 Nd6 41. c4 Nxe4 42. Nb7 Kg8 43. Nd8 Nd6 44. Ne6 Nxc4 45. Nxc7 Nd6 46. Kf2
Kf7 47. Kf3 Ke7 48. h4 Kd7 49. Nd5 Ke6 50. Nc7+ Ke5 51. b6 f5 52. g4 fxg4+ 53.
Kxg4 c4 54. Kf3 h6 55. Ke2 Ke4 56. Ne6 Nb7 57. Nf8 Kf5 58. Nh7 Nc5 59. Kd2 Ke6
60. Ke3 Kf7 61. Kd4 c3 62. Kxc3 Na4+ 63. Kd4 Nxb6 64. h5 Nd7 65. Kd5 g5 66.
Nxg5+ hxg5 67. Ke4 Kg7 0-1

[Event "Gothenburg"]
[Site "Gothenburg"]
[Date "1993.??.??"]
[Round "6"]
[White "Winsnes, Rikard"]
[Black "Kretz, Johan"]
[Result "1-0"]
[WhiteElo "2395"]
[BlackElo "2195"]
[PlyCount "66"]
[EventDate "1993.??.??"]
[EventType "tourn"]
[EventRounds "9"]
[EventCountry "SWE"]
[SourceTitle "EXT 1998"]
[Source "ChessBase"]
[SourceDate "1997.11.17"]
[SourceVersion "1"]
[SourceVersionDate "1997.11.17"]
[SourceQuality "1"]

1. e4 c5 2. Nf3 e6 3. d4 cxd4 4. Nxd4 a6 5. Bd3 Nf6 6. O-O Qc7 7. Qe2 Bc5 8.
Nb3 Ba7 9. e5 Nd5 10. Re1 O-O 11. c4 Nb4 12. Be4 N4c6 13. Bf4 f5 14. Bf3 Nd4
15. Nxd4 Bxd4 16. Rd1 Ba7 17. Nd2 Nc6 18. Nb3 Rf7 19. h4 g6 20. Rd6 Qd8 21. g3
Bb8 22. Rd2 Qf8 23. Qe3 Qg7 24. Re1 a5 25. Bxc6 bxc6 26. Bh6 f4 27. Bxf4 a4 28.
Nd4 Ra5 29. b4 axb3 30. Nxb3 Ra4 31. Bh6 Qh8 32. Qb6 Rf8 33. Bxf8 Kxf8 1-0

[Event "Gothenburg"]
[Site "Gothenburg"]
[Date "1993.??.??"]
[Round "7"]
[White "Grabarczyk, Miroslaw"]
[Black "Winsnes, Rikard"]
[Result "1-0"]
[WhiteElo "2455"]
[BlackElo "2395"]
[PlyCount "97"]
[EventDate "1993.??.??"]
[EventType "tourn"]
[EventRounds "9"]
[EventCountry "SWE"]
[SourceTitle "EXT 1998"]
[Source "ChessBase"]
[SourceDate "1997.11.17"]
[SourceVersion "1"]
[SourceVersionDate "1997.11.17"]
[SourceQuality "1"]

1. d4 Nf6 2. c4 g6 3. g3 Bg7 4. Bg2 O-O 5. Nc3 d6 6. Nf3 Nc6 7. O-O Bf5 8. b3
Ne4 9. Bb2 Nxc3 10. Bxc3 Be4 11. Qd2 d5 12. Rfd1 a5 13. a4 Qd6 14. c5 Qf6 15.
Ne5 Bxg2 16. Kxg2 Rfd8 17. Nxc6 Qxc6 18. e3 b6 19. cxb6 cxb6 20. Rdc1 Qd7 21.
Qd3 e6 22. Be1 Bf8 23. Qb5 Qxb5 24. axb5 Rdc8 25. g4 Bd6 26. f3 Kf8 27. Bg3 Ke7
28. g5 Bb4 29. Rc7+ Rxc7 30. Bxc7 Kd7 31. Bxb6 Rb8 32. Bxa5 Ra8 33. Ra4 Rxa5
34. Rxb4 Ra2+ 35. Kg3 Re2 36. Kf4 Kc7 37. b6+ Kb7 38. Ra4 Kxb6 39. Ra8 Rxh2 40.
Rf8 Kc6 41. Rxf7 Kd6 42. b4 Rb2 43. Rb7 Rb3 44. b5 Rb4 45. Rb6+ Kd7 46. Ke5 Rb3
47. Rd6+ Kc7 48. b6+ Kb7 49. Kf4 1-0

[Event "Gothenburg"]
[Site "Gothenburg"]
[Date "1993.??.??"]
[Round "7"]
[White "Jelling, Erik"]
[Black "Holzke, Frank"]
[Result "1/2-1/2"]
[WhiteElo "2400"]
[BlackElo "2380"]
[PlyCount "65"]
[EventDate "1993.??.??"]
[EventType "tourn"]
[EventRounds "9"]
[EventCountry "SWE"]
[SourceTitle "EXT 1998"]
[Source "ChessBase"]
[SourceDate "1997.11.17"]
[SourceVersion "1"]
[SourceVersionDate "1997.11.17"]
[SourceQuality "1"]

1. d4 Nf6 2. c4 g6 3. g3 Bg7 4. Bg2 O-O 5. Nf3 c5 6. O-O cxd4 7. Nxd4 Nc6 8.
Nc3 Ng4 9. e3 Nxd4 10. exd4 Nh6 11. b3 Nf5 12. Ne2 d6 13. Bb2 Rb8 14. a4 Bd7
15. Qd2 Bc6 16. d5 Bxb2 17. Qxb2 Bd7 18. Nd4 Qb6 19. Nxf5 Bxf5 20. Rfe1 Rfe8
21. Qc3 a6 22. h4 Qc7 23. Re3 h5 24. Kh2 b6 25. Bh3 Bxh3 26. Kxh3 Rb7 27. Kh2
Rc8 28. Qd3 b5 29. cxb5 axb5 30. a5 Qc2 31. Kg2 Qxd3 32. Rxd3 b4 33. Kf3
1/2-1/2

[Event "Gothenburg"]
[Site "Gothenburg"]
[Date "1993.??.??"]
[Round "7"]
[White "Kretz, Johan"]
[Black "Bus, Mariusz"]
[Result "1-0"]
[WhiteElo "2195"]
[BlackElo "2380"]
[PlyCount "83"]
[EventDate "1993.??.??"]
[EventType "tourn"]
[EventRounds "9"]
[EventCountry "SWE"]
[SourceTitle "EXT 1998"]
[Source "ChessBase"]
[SourceDate "1997.11.17"]
[SourceVersion "1"]
[SourceVersionDate "1997.11.17"]
[SourceQuality "1"]

1. d4 d5 2. c4 dxc4 3. e4 c5 4. d5 e6 5. Nc3 Nf6 6. Bxc4 exd5 7. exd5 a6 8. Bf4
Bd6 9. Qe2+ Kf8 10. Bxd6+ Qxd6 11. a4 Bg4 12. f3 Nbd7 13. Qd2 Re8+ 14. Be2 Bf5
15. O-O-O h5 16. Bd3 Bxd3 17. Qxd3 Ne5 18. Qc2 c4 19. Nh3 Nd3+ 20. Kb1 Qc5 21.
Ne4 Nxe4 22. fxe4 Rc8 23. Rhf1 Kg8 24. Ng5 Rh6 25. Rxf7 Rg6 26. Ne6 Qb4 27. Rf3
Ne5 28. Rg3 Rxg3 29. hxg3 c3 30. Rd4 Qb6 31. Ka2 Qd6 32. bxc3 b5 33. Qb3 Nc4
34. Rd3 Ne5 35. Rd4 Nc4 36. Nf4 h4 37. Qb4 Qe5 38. d6 Rd8 39. d7 hxg3 40. Rxc4
bxc4 41. Qxc4+ Kh7 42. Ne6 1-0

[Event "Gothenburg"]
[Site "Gothenburg"]
[Date "1993.??.??"]
[Round "7"]
[White "Moberg, Karl Johan"]
[Black "Turner, Matthew"]
[Result "1/2-1/2"]
[WhiteElo "2300"]
[BlackElo "2370"]
[PlyCount "57"]
[EventDate "1993.??.??"]
[EventType "tourn"]
[EventRounds "9"]
[EventCountry "SWE"]
[SourceTitle "EXT 1998"]
[Source "ChessBase"]
[SourceDate "1997.11.17"]
[SourceVersion "1"]
[SourceVersionDate "1997.11.17"]
[SourceQuality "1"]

1. e4 c5 2. Nf3 Nc6 3. d4 cxd4 4. Nxd4 g6 5. c4 Nf6 6. Nc3 Nxd4 7. Qxd4 d6 8.
Bg5 Bg7 9. Rc1 O-O 10. Qd2 Be6 11. Bd3 Qa5 12. O-O Rfc8 13. b3 a6 14. f3 b5 15.
Nd5 Qxd2 16. Bxd2 Bxd5 17. cxd5 Nd7 18. Kf2 Bb2 19. Rb1 Bd4+ 20. Ke2 Be5 21. g3
Nc5 22. Rfc1 h5 23. Rc2 Nxd3 24. Rxc8+ Rxc8 25. Kxd3 Kf8 26. Rc1 Rxc1 27. Bxc1
Ke8 28. Be3 Kd7 29. Bd4 1/2-1/2

[Event "Gothenburg"]
[Site "Gothenburg"]
[Date "1993.??.??"]
[Round "7"]
[White "Zhuravliov, Valery I"]
[Black "Svensson, Bengt"]
[Result "1/2-1/2"]
[WhiteElo "2485"]
[BlackElo "2380"]
[PlyCount "60"]
[EventDate "1993.??.??"]
[EventType "tourn"]
[EventRounds "9"]
[EventCountry "SWE"]
[SourceTitle "EXT 1998"]
[Source "ChessBase"]
[SourceDate "1997.11.17"]
[SourceVersion "1"]
[SourceVersionDate "1997.11.17"]
[SourceQuality "1"]

1. e4 c5 2. Nf3 Nc6 3. c3 d5 4. exd5 Qxd5 5. d4 Nf6 6. Na3 Bg4 7. Nb5 O-O-O 8.
Be2 a6 9. Na3 cxd4 10. Nc4 Qe4 11. Ncd2 Qg6 12. cxd4 Bxf3 13. Nxf3 Qxg2 14. Rg1
Qh3 15. Rg3 Qd7 16. Bf4 e6 17. Rc1 Bd6 18. Ne5 Bxe5 19. Bxe5 Qd5 20. Bf3 Qa5+
21. Kf1 Nd5 22. Rxg7 Rd7 23. Rg3 f6 24. Bxd5 Qxd5 25. Bxf6 Rf8 26. Be5 Rdf7 27.
Rg2 Rxf2+ 28. Rxf2 Qh1+ 29. Ke2 Qe4+ 30. Kf1 Qh1+ 1/2-1/2

[Event "Gothenburg"]
[Site "Gothenburg"]
[Date "1993.??.??"]
[Round "8"]
[White "Bus, Mariusz"]
[Black "Grabarczyk, Miroslaw"]
[Result "1/2-1/2"]
[WhiteElo "2380"]
[BlackElo "2455"]
[PlyCount "20"]
[EventDate "1993.??.??"]
[EventType "tourn"]
[EventRounds "9"]
[EventCountry "SWE"]
[SourceTitle "EXT 1998"]
[Source "ChessBase"]
[SourceDate "1997.11.17"]
[SourceVersion "1"]
[SourceVersionDate "1997.11.17"]
[SourceQuality "1"]

1. e4 c6 2. c4 d5 3. exd5 cxd5 4. cxd5 Nf6 5. Bb5+ Nbd7 6. Nc3 a6 7. Qa4 g6 8.
Nf3 Bg7 9. O-O O-O 10. Bxd7 Nxd7 1/2-1/2

[Event "Gothenburg"]
[Site "Gothenburg"]
[Date "1993.??.??"]
[Round "8"]
[White "Holzke, Frank"]
[Black "Kretz, Johan"]
[Result "1-0"]
[WhiteElo "2380"]
[BlackElo "2195"]
[PlyCount "53"]
[EventDate "1993.??.??"]
[EventType "tourn"]
[EventRounds "9"]
[EventCountry "SWE"]
[SourceTitle "EXT 1998"]
[Source "ChessBase"]
[SourceDate "1997.11.17"]
[SourceVersion "1"]
[SourceVersionDate "1997.11.17"]
[SourceQuality "1"]

1. e4 e6 2. d4 d5 3. Nd2 c5 4. Ngf3 cxd4 5. exd5 Qxd5 6. Bc4 Qd6 7. O-O Nf6 8.
Nb3 Nc6 9. Nbxd4 Nxd4 10. Nxd4 Bd7 11. c3 Qc7 12. Qe2 O-O-O 13. a4 h5 14. Bg5
Kb8 15. Nb5 Bxb5 16. axb5 Ng4 17. g3 f6 18. Bc1 Bc5 19. Ra4 Qb6 20. Kg2 e5 21.
h3 Nxf2 22. b4 Be7 23. Be3 Ne4 24. Bxb6 Rd2 25. Bxa7+ Kc7 26. b6+ Kc8 27. Be6+
1-0

[Event "Gothenburg"]
[Site "Gothenburg"]
[Date "1993.??.??"]
[Round "8"]
[White "Svensson, Bengt"]
[Black "Winsnes, Rikard"]
[Result "1/2-1/2"]
[WhiteElo "2380"]
[BlackElo "2395"]
[PlyCount "28"]
[EventDate "1993.??.??"]
[EventType "tourn"]
[EventRounds "9"]
[EventCountry "SWE"]
[SourceTitle "EXT 1998"]
[Source "ChessBase"]
[SourceDate "1997.11.17"]
[SourceVersion "1"]
[SourceVersionDate "1997.11.17"]
[SourceQuality "1"]

1. e4 e6 2. d4 d5 3. Nc3 Bb4 4. e5 c5 5. a3 Ba5 6. b4 cxd4 7. Qg4 Ne7 8. bxa5
dxc3 9. Qxg7 Rg8 10. Qxh7 Nbc6 11. Nf3 Qc7 12. Bf4 Bd7 13. Bd3 O-O-O 14. Bg3
Qxa5 1/2-1/2

[Event "Gothenburg"]
[Site "Gothenburg"]
[Date "1993.??.??"]
[Round "8"]
[White "Turner, Matthew"]
[Black "Jelling, Erik"]
[Result "0-1"]
[WhiteElo "2370"]
[BlackElo "2400"]
[PlyCount "114"]
[EventDate "1993.??.??"]
[EventType "tourn"]
[EventRounds "9"]
[EventCountry "SWE"]
[SourceTitle "EXT 1998"]
[Source "ChessBase"]
[SourceDate "1997.11.17"]
[SourceVersion "1"]
[SourceVersionDate "1997.11.17"]
[SourceQuality "1"]

1. e4 c6 2. c4 d5 3. exd5 cxd5 4. cxd5 Nf6 5. Bb5+ Nbd7 6. Nc3 a6 7. Qa4 g6 8.
Nf3 Bg7 9. O-O O-O 10. Bxd7 Bxd7 11. Qb3 b5 12. d4 Bc8 13. Bg5 Bb7 14. Bxf6
Bxf6 15. a4 b4 16. Qxb4 Bxd5 17. Ne5 Rb8 18. Qc5 Ba8 19. Rab1 Rc8 20. Qb4 Qc7
21. Rfe1 Rfd8 22. h3 e6 23. Rbd1 Rb8 24. Qc5 Qb7 25. Ne4 Be7 26. Qc4 Rbc8 27.
Qe2 f5 28. Qf3 Qc7 29. Qg3 Bxe4 30. Rxe4 fxe4 31. Qg4 Bf6 32. Qxe6+ Kg7 33. Ng4
Qe7 34. Qxa6 Rc2 35. d5 Rd6 36. Qb5 Rxb2 37. Qc4 h5 38. Ne3 Rb7 39. a5 Ra7 40.
Qb4 Qd8 41. Qxe4 Rxa5 42. g4 hxg4 43. hxg4 Ra1 44. Rxa1 Bxa1 45. Kg2 Rd7 46.
Qa4 Bf6 47. f4 Re7 48. Qb3 Bd4 49. Nc2 Ba7 50. Qc3+ Kg8 51. Qc4 Rf7 52. Nb4 Qb6
53. Nd3 Qg1+ 54. Kf3 Qf1+ 55. Kg3 Bf2+ 56. Kf3 Bh4+ 57. Ke3 Re7+ 0-1

[Event "Gothenburg"]
[Site "Gothenburg"]
[Date "1993.??.??"]
[Round "8"]
[White "Zhuravliov, Valery I"]
[Black "Moberg, Karl Johan"]
[Result "0-1"]
[WhiteElo "2485"]
[BlackElo "2300"]
[PlyCount "96"]
[EventDate "1993.??.??"]
[EventType "tourn"]
[EventRounds "9"]
[EventCountry "SWE"]
[SourceTitle "EXT 1998"]
[Source "ChessBase"]
[SourceDate "1997.11.17"]
[SourceVersion "1"]
[SourceVersionDate "1997.11.17"]
[SourceQuality "1"]

1. e4 e5 2. Nf3 Nc6 3. Nc3 Nf6 4. d4 exd4 5. Nxd4 Bb4 6. Nxc6 bxc6 7. Bd3 d5 8.
exd5 cxd5 9. O-O O-O 10. Bg5 c6 11. Qf3 Be7 12. Rae1 Re8 13. h3 h6 14. Bh4 Be6
15. Nd1 Nd7 16. Bg3 Nc5 17. Be5 Qd7 18. Qg3 Bf8 19. Ne3 Nxd3 20. cxd3 Kh8 21.
Ng4 f6 22. Bf4 d4 23. b3 a5 24. Re4 Bf5 25. Rxe8 Rxe8 26. Rc1 c5 27. Qf3 a4 28.
Bd2 axb3 29. axb3 Be6 30. Rb1 Qd5 31. Qg3 Qd6 32. Qh4 Qd7 33. f3 Kg8 34. Qg3
Kh8 35. Nf2 Bd5 36. Kf1 Qa7 37. Qg4 Bxb3 38. Re1 Rxe1+ 39. Kxe1 c4 40. dxc4 d3
41. f4 Qa1+ 42. Nd1 Bxd1 43. Qxd1 Qd4 44. Qf3 Bc5 45. Kd1 Qxc4 46. Qa8+ Kh7 47.
Qa1 Qb3+ 48. Ke1 Qe6+ 0-1

[Event "Gothenburg"]
[Site "Gothenburg"]
[Date "1993.??.??"]
[Round "9"]
[White "Grabarczyk, Miroslaw"]
[Black "Holzke, Frank"]
[Result "1/2-1/2"]
[WhiteElo "2455"]
[BlackElo "2380"]
[PlyCount "111"]
[EventDate "1993.??.??"]
[EventType "tourn"]
[EventRounds "9"]
[EventCountry "SWE"]
[SourceTitle "EXT 1998"]
[Source "ChessBase"]
[SourceDate "1997.11.17"]
[SourceVersion "1"]
[SourceVersionDate "1997.11.17"]
[SourceQuality "1"]

1. d4 Nf6 2. c4 g6 3. Nf3 Bg7 4. g3 O-O 5. Bg2 c5 6. Nc3 cxd4 7. Nxd4 Nc6 8.
O-O d6 9. Nc2 Bd7 10. b3 Qa5 11. Bd2 Qh5 12. e4 Rfc8 13. Qxh5 Nxh5 14. Rac1
Rab8 15. Ne3 Nf6 16. Rfd1 Nd4 17. Be1 Ne8 18. Nc2 Nxc2 19. Rxc2 b5 20. Nd5 Kf8
21. Rdc1 bxc4 22. Rxc4 Rxc4 23. Rxc4 Rc8 24. Rxc8 Bxc8 25. Nb4 Nc7 26. Nc6 Bd7
27. Nb8 Bb5 28. Bf1 Ke8 29. a4 Bxf1 30. Kxf1 Kd8 31. Bd2 Kc8 32. Nc6 Kd7 33.
Nxa7 Bd4 34. Be3 Bxe3 35. fxe3 Na6 36. a5 Kc7 37. Ke2 Kb7 38. Nb5 Nc5 39. Nd4
e5 40. b4 Nxe4 41. Nb5 f5 42. Kd3 d5 43. Kc2 g5 44. Kd3 h5 45. Ke2 h4 46. gxh4
gxh4 47. Kf3 h3 48. Ke2 Ng3+ 49. Kf2 Ne4+ 50. Kf3 Nd2+ 51. Kg3 Nf1+ 52. Kxh3
Nxe3 53. Kg3 d4 54. h4 d3 55. h5 Ng4 56. Kg2 1/2-1/2

[Event "Gothenburg"]
[Site "Gothenburg"]
[Date "1993.??.??"]
[Round "9"]
[White "Jelling, Erik"]
[Black "Zhuravliov, Valery I"]
[Result "1-0"]
[WhiteElo "2400"]
[BlackElo "2485"]
[PlyCount "107"]
[EventDate "1993.??.??"]
[EventType "tourn"]
[EventRounds "9"]
[EventCountry "SWE"]
[SourceTitle "EXT 1998"]
[Source "ChessBase"]
[SourceDate "1997.11.17"]
[SourceVersion "1"]
[SourceVersionDate "1997.11.17"]
[SourceQuality "1"]

1. d4 d6 2. c4 f5 3. g3 Nf6 4. Bg2 c6 5. Nc3 Qc7 6. Nf3 e5 7. O-O e4 8. Ne1 Be6
9. d5 Bf7 10. f3 Nbd7 11. fxe4 fxe4 12. Nxe4 cxd5 13. Nxf6+ Nxf6 14. cxd5 Qc5+
15. e3 Be7 16. Nd3 Qb5 17. a4 Qa6 18. Nf4 O-O 19. Ra3 Rac8 20. Bh3 Rc5 21. b4
Rc4 22. b5 Qb6 23. Rd3 Ne4 24. Ne6 Rfc8 25. Bb2 Bf6 26. Bxf6 Nxf6 27. Ng5 R8c7
28. Nxf7 Kxf7 29. Qh5+ Ke7 30. Qg5 Kf8 31. Be6 Rc1 32. Rdd1 Rxd1 33. Rxd1 Rc3
34. Rf1 Qxe3+ 35. Qxe3 Rxe3 36. Rc1 Ne8 37. Rc8 Ke7 38. Rb8 Rc3 39. Rxb7+ Rc7
40. Rb8 Nf6 41. a5 Ne4 42. a6 Nc5 43. Bc8 Na4 44. Bb7 Kf6 45. Bc6 Re7 46. Kf2
Nc5 47. Rb7 Nd3+ 48. Kg2 Re2+ 49. Kf3 Re1 50. Rxa7 g5 51. Rxh7 Ne5+ 52. Kg2 g4
53. a7 Nd3 54. Rh6+ 1-0

[Event "Gothenburg"]
[Site "Gothenburg"]
[Date "1993.??.??"]
[Round "9"]
[White "Kretz, Johan"]
[Black "Turner, Matthew"]
[Result "0-1"]
[WhiteElo "2195"]
[BlackElo "2370"]
[PlyCount "72"]
[EventDate "1993.??.??"]
[EventType "tourn"]
[EventRounds "9"]
[EventCountry "SWE"]
[SourceTitle "EXT 1998"]
[Source "ChessBase"]
[SourceDate "1997.11.17"]
[SourceVersion "1"]
[SourceVersionDate "1997.11.17"]
[SourceQuality "1"]

1. d4 Nf6 2. c4 g6 3. Nc3 Bg7 4. e4 d6 5. Be2 O-O 6. Nf3 e5 7. O-O Nc6 8. d5
Ne7 9. Nd2 a5 10. a3 c6 11. Rb1 b5 12. dxc6 b4 13. Nd5 Nxc6 14. axb4 Nxb4 15.
Nxb4 axb4 16. Nb3 Nxe4 17. Bf3 Bb7 18. Qe1 f5 19. Qxb4 Rb8 20. Na5 Ba8 21. Qe1
g5 22. h3 Qe8 23. b4 Qg6 24. Rb3 h5 25. Bxe4 Bxe4 26. Qd2 f4 27. f3 Bc2 28. Rc3
Bf5 29. Nc6 Rbe8 30. Ra3 g4 31. hxg4 hxg4 32. Qd5+ Be6 33. Qxd6 g3 34. Ra7 Qh6
35. Rd1 Qh2+ 36. Kf1 Qh1+ 0-1

[Event "Gothenburg"]
[Site "Gothenburg"]
[Date "1993.??.??"]
[Round "9"]
[White "Moberg, Karl Johan"]
[Black "Svensson, Bengt"]
[Result "0-1"]
[WhiteElo "2300"]
[BlackElo "2380"]
[PlyCount "52"]
[EventDate "1993.??.??"]
[EventType "tourn"]
[EventRounds "9"]
[EventCountry "SWE"]
[SourceTitle "EXT 1998"]
[Source "ChessBase"]
[SourceDate "1997.11.17"]
[SourceVersion "1"]
[SourceVersionDate "1997.11.17"]
[SourceQuality "1"]

1. e4 c5 2. Nf3 Nc6 3. d4 cxd4 4. Nxd4 Nf6 5. Nc3 e5 6. Ndb5 d6 7. Bg5 a6 8.
Na3 b5 9. Bxf6 gxf6 10. Nd5 f5 11. exf5 Bxf5 12. c3 Bg7 13. Nc2 O-O 14. Nce3
Bg6 15. g3 f5 16. Bg2 Rc8 17. O-O f4 18. Nc2 Kh8 19. Re1 Ne7 20. Nxe7 Qxe7 21.
Be4 fxg3 22. fxg3 Qa7+ 23. Kh1 Rf1+ 24. Kg2 Bxe4+ 25. Kxf1 Rf8+ 26. Ke2 Qf2#
0-1

[Event "Gothenburg"]
[Site "Gothenburg"]
[Date "1993.??.??"]
[Round "9"]
[White "Winsnes, Rikard"]
[Black "Bus, Mariusz"]
[Result "1-0"]
[WhiteElo "2395"]
[BlackElo "2380"]
[PlyCount "139"]
[EventDate "1993.??.??"]
[EventType "tourn"]
[EventRounds "9"]
[EventCountry "SWE"]
[SourceTitle "EXT 1998"]
[Source "ChessBase"]
[SourceDate "1997.11.17"]
[SourceVersion "1"]
[SourceVersionDate "1997.11.17"]
[SourceQuality "1"]

1. e4 e6 2. d4 d5 3. Nd2 dxe4 4. Nxe4 Bd7 5. Nf3 Bc6 6. Bd3 Nd7 7. O-O Ngf6 8.
Neg5 Be7 9. Nxf7 Kxf7 10. Ng5+ Kg8 11. Nxe6 Qc8 12. Re1 Bd6 13. Bf5 Bd5 14. Bg5
Qb8 15. Qd3 b5 16. Qh3 h6 17. Bh4 g5 18. Bg3 c6 19. Bg6 Bxg3 20. hxg3 g4 21.
Qh4 Qd6 22. Bf5 Re8 23. Nf4 Kg7 24. Bxg4 Rhg8 25. Bf5 Bf7 26. c3 a5 27. Rad1
Bxa2 28. d5 Bxd5 29. Ne6+ Rxe6 30. Rxe6 Qxe6 31. Bxe6 Bxe6 32. Re1 Re8 33. g4
Bf7 34. Rd1 Re4 35. f3 Re2 36. g5 hxg5 37. Qxg5+ Kf8 38. Rd2 Rxd2 39. Qxd2 Bd5
40. Qe3 a4 41. g4 Kf7 42. Kf2 Nf8 43. Kg3 Ng6 44. Qh6 Ne7 45. Qf4 Ke6 46. Qc7
Ne8 47. Qd8 Nf6 48. Qc7 Ne8 49. Qd8 Nf6 50. f4 Ne4+ 51. Kh3 Nf2+ 52. Kh4 Kf7
53. f5 Ne4 54. Qc7 Kf8 55. Qd7 Nf6 56. Qd8+ Kf7 57. Kg3 Bc4 58. Qc7 a3 59. bxa3
Ne4+ 60. Kh4 Nxc3 61. Qe5 Ncd5 62. Qe6+ Kf8 63. f6 Ng6+ 64. Kg5 Ndf4 65. Qxc6
Kf7 66. Qd7+ Kf8 67. a4 Bf7 68. Qd6+ Kg8 69. axb5 Ne6+ 70. Kh6 1-0